000 00660nam a2200205Ii 4500
003 JO-AjNU
008 230605s9999||||xx |||||||||||||| ||und||
017 _a2011/22208
040 _aJO-AjNU
_bara
_erda
_cJO-AjNU
041 _aara
050 1 4 _aJN 2349.2012
100 3 _aأحمد، منصور محمد ,
_eauthor
_944730
245 0 0 _aالرقابة اللاحقة على دستورية القوانين فى فرنسا
250 _a(د،ط)
264 3 1 _aالقاهرة : دار النهضة العربية ،2012
300 _a259ص
336 _atext
_btxt
_2rdacontent
337 _aunmediated
_bn
_2rdamedia
338 _avolume
_bnc
_2rdacarrier
999 _aA19336
_c22904
_d22904